Top 10 party cities in the Middle East - Statistics

General Stats
  • This quiz has been taken 160 times
    119 since last reset
  • The average score is 8 of 10
Answer Stats
Hint Answer % Correct
2 United Arab Emirates Dubai
99%
4 Turkey Istanbul
97%
3 Israel Tel Aviv
97%
5 Egypt Cairo
96%
1 Lebanon Beirut
94%
9 Israel Jerusalem
90%
6 United Arab Emirates Abu Dhabi
84%
7 Qatar Doha
81%
8 Bahrain Manama
70%
10 Lebanon Byblos
18%
No matching quizzes found
Score Distribution
Percent of People with Each Score
Percentile by Number Answered
Your Score History
You have not taken this quiz since the last reset